<?xml version="1.0" encoding="UTF-8"?>
<record
    xmlns:xsi="http://www.w3.org/2001/XMLSchema-instance"
    xsi:schemaLocation="http://www.loc.gov/MARC21/slim http://www.loc.gov/standards/marcxml/schema/MARC21slim.xsd"
    xmlns="http://www.loc.gov/MARC21/slim">

  <leader>01164nam a22002177a 4500</leader>
  <controlfield tag="008">170923s2005        ag||||| |||| 00| 0 spa d</controlfield>
  <datafield tag="020" ind1=" " ind2=" ">
    <subfield code="a">9874397764</subfield>
  </datafield>
  <datafield tag="082" ind1="0" ind2="4">
    <subfield code="a">709.040.755</subfield>
    <subfield code="b">L153d</subfield>
  </datafield>
  <datafield tag="100" ind1="1" ind2=" ">
    <subfield code="a">Laddaga, Reinaldo.</subfield>
    <subfield code="9">5969</subfield>
  </datafield>
  <datafield tag="245" ind1="1" ind2="0">
    <subfield code="a">Dark room /</subfield>
    <subfield code="c">Reinaldo Laddaga ; traducci&#xF3;n por Jane Brodie.</subfield>
  </datafield>
  <datafield tag="250" ind1=" " ind2=" ">
    <subfield code="a">1a edici&#xF3;n.</subfield>
  </datafield>
  <datafield tag="260" ind1=" " ind2=" ">
    <subfield code="a">Buenos Aires, Argentina :</subfield>
    <subfield code="b">Fundaci&#xF3;n Espigas,</subfield>
    <subfield code="c">2005.</subfield>
  </datafield>
  <datafield tag="300" ind1=" " ind2=" ">
    <subfield code="a">68 p&#xE1;ginas.</subfield>
  </datafield>
  <datafield tag="500" ind1=" " ind2=" ">
    <subfield code="a">Dark Room es una instalaci&#xF3;n-video-performance por Roberto Jacoby, la cual fue presentada en la Galer&#xED;a Belleza en Argentina en el 2002.</subfield>
  </datafield>
  <datafield tag="505" ind1="0" ind2=" ">
    <subfield code="t">La vida observada, sobre Dark Room de Roberto Jacoby / Life observed, on Roberto Jacoby's Dark Room</subfield>
    <subfield code="r">Reinaldo Laddaga.</subfield>
    <subfield code="t">Acerca del Dark Room / About Dark Room</subfield>
    <subfield code="t">Roberto Jacoby (y sus vidas sucesivas o sim&#xFA;ltaneas) / Roberto Jacoby (and his consecutive or simultaneous lives</subfield>
    <subfield code="r">Ana Longini y Daniela Lucena.</subfield>
    <subfield code="t">Escrito sobre y de Roberto Jacoby / Writings on Roberto Jacoby</subfield>
    <subfield code="r">Ana Longini y Julia Risler.</subfield>
  </datafield>
  <datafield tag="653" ind1="1" ind2="0">
    <subfield code="a">Arte contempor&#xE1;neo</subfield>
  </datafield>
  <datafield tag="653" ind1="1" ind2="0">
    <subfield code="a">Arte - Argentina</subfield>
  </datafield>
  <datafield tag="653" ind1="1" ind2="0">
    <subfield code="a">Videoarte</subfield>
  </datafield>
  <datafield tag="653" ind1="1" ind2="0">
    <subfield code="a">Instalaci&#xF3;n - Performance</subfield>
  </datafield>
  <datafield tag="653" ind1="1" ind2="0">
    <subfield code="a">Biograf&#xED;as art&#xED;sticas</subfield>
  </datafield>
  <datafield tag="999" ind1=" " ind2=" ">
    <subfield code="c">1279</subfield>
    <subfield code="d">1279</subfield>
  </datafield>
  <datafield tag="952" ind1=" " ind2=" ">
    <subfield code="0">0</subfield>
    <subfield code="1">0</subfield>
    <subfield code="2">ddc</subfield>
    <subfield code="4">0</subfield>
    <subfield code="7">0</subfield>
    <subfield code="a">LV</subfield>
    <subfield code="b">LV</subfield>
    <subfield code="c">Monograf&#xED;as</subfield>
    <subfield code="d">2017-09-23</subfield>
    <subfield code="l">0</subfield>
    <subfield code="o">709.040.755 L153d</subfield>
    <subfield code="p">003932</subfield>
    <subfield code="r">2017-09-23 00:00:00</subfield>
    <subfield code="w">2017-09-23</subfield>
    <subfield code="y">01</subfield>
  </datafield>
</record>
